| 000 | 00970nam a2200313Ia 4500 | ||
|---|---|---|---|
| 001 | Z_6007 | ||
| 003 | CHAP | ||
| 008 | 220113s1989 xx 000 0 und d | ||
| 010 | _a169219 | ||
| 020 | _a968-6198-06-7 | ||
| 040 | _cCHAP | ||
| 082 | _a333.70972 P76 | ||
| 245 |
_aLa producción rural en México: alternativas ecológicas / _cVíctor M. Toledo...[et al] |
||
| 260 |
_aMéxico : _bFundación Universo Veintiuno, _c1989 |
||
| 300 | _a402 p. | ||
| 500 | _aIncluye Mapa Municipal de México por Zonas Ecológicas | ||
| 503 | _aej.1: s/n | ||
| 504 | _aIncluye bibliografía | ||
| 650 |
_aImpactos ecológicos _9143680 |
||
| 650 |
_aProducción agropecuaria y forestal _9143681 |
||
| 650 |
_aRecursos naturales _xMéxico _995299 |
||
| 700 |
_aI. Toledo, Victor M. autor II. Carabias, Jululia, coaut. III. Toledo, Carlos, coaut. _9143682 |
||
| 901 | _a333.70972 P76 | ||
| 902 | _aM | ||
| 910 | _a1989 | ||
| 942 | _c1 | ||
| 942 | _cc1 | ||
| 999 |
_c169219 _d169219 |
||